Livros da Bíblia - na ordem correta - Statistics

Estatísticas Gerais
  • Esse quiz foi jogado 1 326 vezes
  • A pontuação média é 40 de 66
Estatísticas das Respostas
Ordem Resposta % Correto
1 Gênesis
100%
2 Êxodo
96%
3 Levítico
94%
4 Números
93%
5 Deuteronômio
91%
6 Josué
89%
7 Juízes
86%
8 Rute
84%
9 1 Samuel
77%
10 2 Samuel
77%
11 1 Reis
76%
12 2 Reis
76%
13 1 Crônicas
75%
14 2 Crônicas
75%
16 Neemias
73%
15 Esdras
72%
17 Ester
72%
20 Provérbios
72%
19 Salmos
72%
18
71%
21 Eclesiastes
69%
23 Isaías
59%
24 Jeremias
59%
25 Lamentações
58%
27 Daniel
57%
26 Ezequiel
56%
66 Apocalipse
55%
44 Atos
55%
43 João
55%
42 Lucas
55%
41 Marcos
55%
40 Mateus
55%
28 Oséias
55%
30 Amós
54%
29 Joel
54%
39 Malaquias
54%
46 1 Coríntios
53%
31 Obadias
53%
45 Romanos
53%
47 2 Coríntios
52%
35 Habacuque
52%
32 Jonas
52%
65 Judas
52%
34 Naum
52%
38 Zacarias
52%
48 Gálatas
51%
33 Miqueias
51%
62 1 João
50%
37 Ageu
50%
49 Efésios
50%
36 Sofonias
50%
60 1 Pedro
49%
63 2 João
49%
61 2 Pedro
49%
64 3 João
49%
22 Cântico dos cânticos
49%
50 Filipenses
49%
51 Colossenses
48%
56 Tito
48%
52 1 Tessalonicenses
47%
53 2 Tessalonicenses
47%
58 Hebreus
47%
59 Tiago
47%
54 1 Timóteo
46%
55 2 Timóteo
46%
57 Filemom
45%
Nenhum quiz correspondente encontrado
Distribuição das Pontuações
Porcentagem de Pessoas com Cada Pontuação
Percentil de Números Respondidos
Sua Pontuação Histórica
Você não jogou esse quiz